000 00440nam a2200181Ia 4500
001 25116
005 20260414151128.0
008 260414t2011||||xx |||||||||||||| ||spa||
041 _aESP
082 _a346.2
_bY997
100 _aYzquierdo Tolsada, Mariano
_eAUT
245 0 _aTratado de derecho de la familia
_b
260 _c2011
300 _a1133 páginas :
_c23 cm.
650 _aDER
654 _aCDE
942 _cLIB
_dJUS
_fJUS
_2ddc
_n
999 _c25116
_d25116